Personnage Héros Fictif - Statistiques

Statistiques générales
  • Ce quiz a été pris 30 fois
  • Le résultat moyen est 6 sur 15
Answers on the Grid
Answers color-coded by a green-red scale on the quiz's grid according to % correct below.
Ben Tenyson
Bloom
Martin Matin
Kira Yamato
Tsubasa Ozora
Sena Kobayakawa
Caline Bustier
George de
Britney
Sacha Ketchum
Jimmy Neutron
Monique
Kita Shunai
Samuel dit Samy
Sam
Neighthan Rot
Diethard Ried
Catherine
Momomiya Ichigo
Endô Mamoru
Charlotte Galette
Tami
Sara Bellum
Lucky Luke
Phoebe Heyerdahl
Nikora Nanami
Mister Sol
Makomo
Lucile MacBernik
Trixie Tang
 
Statistiques - réponses
Réponse % Correct
Lucky Luke
86%
Martin Matin
79%
Jimmy Neutron
69%
Sam
66%
Bloom
48%
Sacha Ketchum
48%
Tsubasa Ozora
45%
Ben Tenyson
31%
Samuel dit Samy
28%
Endô Mamoru
24%
Kira Yamato
21%
Lucile MacBernik
17%
Sena Kobayakawa
17%
George de
14%
Momomiya Ichigo
10%
Aucun quiz correspondant
Distribution des résultats
% des personnes avec chaque résultat
Percentile par nombre de réponses
Votre historique - résultats
Vous n’avez pas pris ce quiz